| 000 | 01305nam a2200349 c 4500 | ||
|---|---|---|---|
| 003 | BLK | ||
| 005 | 20250212120607.0 | ||
| 008 | 180408b bul|||||r ||||||| ||bul|| | ||
| 010 | _aKNG00062843000 | ||
| 020 |
_a5-06-000198-9 _bиздат.: Высшая школа |
||
| 040 | _aBLK | ||
| 041 |
_aRUS _cRUS |
||
| 080 |
_aРуски език _b811.161.1 _x(075.8) _z811.161.1(075.8) |
||
| 100 | 1 |
_aРозенталь, Дитмар Эльяшевич _eпърви автор _9367731 |
|
| 139 |
_aРозенталь, Дитмар Эльяшевич _bР 78 |
||
| 245 | 1 | 0 |
_aСборник упражнений по русскому языку для подготвительных отделений вузов _cДитмар Эльяшевич Розенталь. |
| 250 | _a2. изд. | ||
| 257 | _aSUN | ||
| 260 |
_аМосква _bВысшая школа _c1989 |
||
| 300 |
_a224 с. _c20 см |
||
| 380 | _a80 | ||
| 650 | 4 |
_aРуски език - учебници за ВУЗ _9248838 |
|
| 653 | _aруски език | ||
| 653 | _aграматика | ||
| 653 | _aупражнения | ||
| 852 | _aЦб 157592 | ||
| 856 | 4 |
_qpdf _u |
|
| 856 | 4 |
_qpdf _u |
|
| 942 |
_cKNG _n0 _02 |
||
| 944 |
_aCR _c25.01.2017 _k30575 _lМартин Енчев |
||
| 944 |
_aED _c25.01.2017 _kКети_Илиева |
||
| 999 |
_c58778 _d58778 |
||